000 00602nam a2200205Ia 4500
005 20250923145150.0
008 008 250917s9999 xx 000 0 eng d
037 _aTextual
040 _aDSWL
_beng
_cDSWL
041 _aeng
_2eng
084 _aYX,Z1-34;5-26.56, N68
_qDSWL
100 _aPackman, Jean
_9832437
245 0 _aChild care needs, and Numbers
_cby Jean Packman
260 _aLondon
_bGeorge Allen & Unwin Ltd.
_c1968
300 _aix,254p.
365 _aINR
_b42
925 _g42
942 _cTEXL
_hYX,Z1-34;5-26.56, N68
999 _c1447944
_d1447944